Szczegóły MARC21

Kontrola finansowo-księgowa : poradnik dla księgowych, właścicieli i pracowników urzędów skarbowych /

003 -Nazwa inst., której nr kontr. jest w polu 001 [,]
    • @
    • Nazwa instytucji, której n kontrolny jest w polu 001
    • NUKAT
005 -DATA I CZAS OSTATNIEJ MODYFIKACJI [,]
    • @
    • pole kontrolne
    • 20241231103300.0
020 -Międzynarod. znormalizowany nr książki - ISBN [ , ]
    • a
    • Numer ISBN
    • 8386514957 Find
040 -Instytucja sporządzająca opis [ , ]
    • a
    • Instytucja, która sporządziła opis (NP)
    • GD U/DC
    • c
    • Instytucja, która sporządziła rekord (NP)
    • GD U/DC
    • d
    • Instytucja, która zmodyfikowała rekord (P)
    • GD U/DC
    • d
    • Instytucja, która zmodyfikowała rekord (P)
    • GD U/AEKs
942 -Rodzaj dokumentu [ , ]
    • c
    • Rodzaj dokumentu
    • Książka
100 -Hasło główne - nazwa osobowa [1, ]
    • a
    • Nazwa osobowa (NP)
    • Winiarska, Kazimiera
    • d
    • Daty biograficzne (NP)
    • (1948- ).
    • 9
    • KHW
    • 71
245 -Strefa tytułu i oznaczenia odpowiedzialności [1,0]
    • a
    • Tytuł
    • Kontrola finansowo-księgowa : Find
    • b
    • Ciąg dalszy tytułu (NP)
    • poradnik dla księgowych, właścicieli i pracowników urzędów skarbowych / Find
    • c
    • Pozostałe elementy strefy tytułu i oznaczenia odpowiedzialności (NP)
    • Kazimiera Winiarska.
260 -Strefa adresu wydawniczego [ , ]
    • a
    • Miejsce wydania (P)
    • Gdańsk-Wrzeszcz :
    • b
    • Nazwa wydawcy (P)
    • Ośrodek Doradztwa i Doskonalenia Kadr,
    • c
    • Data wydania (P)
    • 1996.
300 -Strefa opisu fizycznego [ , ]
    • a
    • Określenie formy książki i/lub objętość (NP)
    • 147 s. ;
    • c
    • Format (NP)
    • 25 cm.
336 -Typ zawartości [ , ]
    • a
    • Termin opisujący typ zawartości
    • Tekst
    • b
    • Kod określający zawartość
    • txt
    • 2
    • Źródło (terminu i kodu)
    • rdacontent
337 -Typ mediów [ , ]
    • a
    • Tryb odtwarzania
    • Bez urządzenia pośredniczącego
    • b
    • Kod typu mediów
    • n
    • 2
    • Źródło (terminu i kodu)
    • rdamedia
338 -Typ/rodzaj nośnika [ , ]
    • a
    • Hasło opisujące typ nośnika
    • Wolumin
    • b
    • Kod typu nośnika
    • nc
    • 2
    • Źródło (terminu i kodu)
    • rdacarrier
504 -Uwaga dot. bibliogr. załącznikowej [ , ]
    • a
    • Uwaga dot. bibliografii załącznikowej
    • Bibliogr. s. 145-146.
080 -Uniwersalna Klasyfikacja Dziesiętna [ , ]
    • a
    • Symbol klasyfikacji
    • 658.15
    • 9
    • UKD
    • 5622
    • 2
    • Identyfikator wydania tablic
    • UDC-P058
    • b
    • Dopowiedzenie
    • Zarządzanie finansami przedsiębiorstwa.
080 -Uniwersalna Klasyfikacja Dziesiętna [ , ]
    • a
    • Symbol klasyfikacji
    • :657.47
650 -Hasło przedmiotowe [ ,7]
    • a
    • Hasło przedmiotowe
    • Kontrola ksiąg rachunkowych
    • v
    • Określnik formalny
    • poradniki.
    • 2
    • Źródło terminu
    • kaba
    • 9
    • KHW
    • 406375
650 -Hasło przedmiotowe [ ,7]
    • a
    • Hasło przedmiotowe
    • Kontrola zarządzania
    • v
    • Określnik formalny
    • poradniki.
    • 2
    • Źródło terminu
    • kaba
    • 9
    • KHW
    • 406374
980 -Symbol UKD [ , ]
    • a
    • UKD
    • 658.15:657.47
710 -Hasło dodatkowe - nazwa ciała zbiorowego [2, ]
    • a
    • Nazwa ciała zbiorowego lub nazwa geograficzna jako pierwszy element (NP)
    • Ośrodek Doradztwa i Doskonalenia Kadr (Gdańsk).
    • 4
    • Kod relacji
    • pbl
    • 9
    • KHW
    • 53467
920 -ISBN [ , ]
    • a
    • ISBN
    • 83-86514-95-7 Find
Sygnatura Numer inwentarzowy Status udost. Data inwentaryzacji Lokalizacja
 E.64413-21997-05-20BE
 S.8036021997-06-03BE
 S.8036121997-06-03BE
 S.8036221997-06-03BE
 S.8036321997-06-03BE
 S.8036421997-06-03BE
 S.8036521997-06-03BE
 S.8036621997-06-03BE
 S.8036721997-06-03BE
 S.8036821997-06-03BE
 S.8036921997-06-03BE
 S.8037021997-06-03BE
 S.8037121997-06-03BE
 S.8037221997-06-03BE
 S.8037321997-06-03BE
 S.8037421997-06-03BE
 S.80375-61997-06-03BE
 S.80376-61997-06-03BE
 S.80377-61997-06-03BE
 S.8037821997-06-03BE
 S.80379-61997-06-03BE
 S.85080-62000-01-17BE
 S.85081-32000-01-17BE
Z.89543Z.8954311997-06-03BG
 TS.80380-61997-06-03T
 TS.80381-61997-06-03T
 TS.80382-61997-06-03T
TS.80383TS.80383-31997-06-03T
 TS.80384-61997-06-03T
TS.80385TS.80385-61997-06-03T
 TS.80386-61997-06-03T
TS.80387TS.80387-61997-06-03T
 TS.80388-61997-06-03T
 TS.80389-61997-06-03T